El Parlamento: su historia, constitución y práctica

Tallennettuna:
Bibliografiset tiedot
Päätekijä: Ilbert, Courtenay P (Tekijä)
Aineistotyyppi: Kirja
Kieli:espanja
Julkaistu: Barcelona Labor S. A 1930
Painos:2a. ed
Sarja:Colección Labor. Sección IX. Política, 71
Aiheet:
Tagit: Lisää tagi
Ei tageja, Lisää ensimmäinen tagi!

MARC

LEADER 00000cam a2200000 a 4500
001 UCC4416
003 CL-VaPUC
008 180803e19300000sp |||||||||||||||||spa|d
082 0 4 |a 321.942  |b ILB  |2 21 
100 0 |a Ilbert, Courtenay P  |e author  |9 598677 
245 1 3 |a El Parlamento: su historia, constitución y práctica 
250 |a 2a. ed 
300 |a 215 p 
942 |c BK 
945 |d 20180803 12:44:00  |a dcastane 
260 |a Barcelona  |b Labor S. A  |c 1930 
650 7 |a GOBIERNO INGLES  |2 CL-VaPUC  |9 537219 
650 7 |a PARLAMENTO INGLES  |2 CL-VaPUC  |9 441634 
650 0 |a Poder político  |9 255509 
650 7 |a MONARQUIA INGLESA  |2 CL-VaPUC  |9 410591 
583 |a last modification  |c 20180803 12:44:00  |k Rodrigo Vera 
490 0 |a Colección Labor. Sección IX. Política, 71 
999 |c 371968  |d 371966 
952 |0 0  |1 0  |3 erd  |4 0  |6 321_942000000000000_ILB_1930  |7 0  |8 A  |9 489186  |a BIBDER  |b BIBDER  |e Mateluna Arestizabal, Alfredo Sergio  |i 5484693  |o 321.942 ILB 1930  |p 5484693  |r 2023-01-25  |w 2019-11-24  |y BK  |z Catalogado en:20180803  |k DER